Colección de documentos para la historia de la Guerra de la Independencia de México, de 1808 a 1821 / (Record no. 184594)

MARC details
000 -LEADER
campo de control de longitud fija 00801nam a2200193 i 4500
001 - NÚMERO DE CONTROL
campo de control 184594
003 - IDENTIFICADOR DE NÚMERO DE CONTROL
campo de control ES-MaACL
005 - FECHA Y HORA DE LA ÚLTIMA TRANSACCIÓN
campo de control 20230906222232.0
008 - DATOS DE LONGITUD FIJA--INFORMACIÓN GENERAL
campo de control de longitud fija 151026m18771882mx |||| | spa d
245 00 - MENCIÓN DEL TÍTULO
Título Colección de documentos para la historia de la Guerra de la Independencia de México, de 1808 a 1821 /
Mención de responsabilidad, etc. coleccionados por J.E. Hernández y Dávalos.
260 ## - PUBLICACIÓN, DISTRIBUCIÓN, ETC.
Lugar de publicación, distribución, etc. México :
Nombre del editor, distribuidor, etc. José María Sandoval,
Fecha de publicación, distribución, etc. 1877-1882.
300 ## - DESCRIPCIÓN FÍSICA
Extensión 6 v. ;
Dimensiones 30 cm.
490 1# - MENCIÓN DE SERIE
Mención de serie Biblioteca de El Sistema Postal de la República Mexicana
651 #4 - PUNTO DE ACCESO ADICIONAL DE MATERIA--NOMBRE GEOGRÁFICO
Nombre geográfico México-
Subdivisión general Historia-
Subdivisión cronológica 1810-1821, Guerra de la Independencia.
9 (RLIN) 168986
700 1# - ENTRADA AGREGADA--NOMBRE PERSONAL
Nombre de persona Hernández y Dávalos, J. E.
9 (RLIN) 158020
830 0# - PUNTO DE ACCESO ADICIONAL DE SERIE-TÍTULO UNIFORME
Título uniforme Biblioteca de El Sistema Postal de la República Mexicana
9 (RLIN) 225103
852 ## - LOCALIZACIÓN
Ubicación ES-MaACL
Número de control de estantería A-4271-76
Holdings
Estatus retirado Estado de pérdida Estado de daño No para préstamo Colección Biblioteca de origen Biblioteca actual Ubicación en estantería Fecha de adquisición Fuente de adquisición Total de préstamos Signatura topográfica completa Código de barras Visto por última vez Precio de reemplazo Tipo de ítem Koha
        Libros del s. XIX Biblioteca del Ateneo de Madrid Biblioteca del Ateneo de Madrid Sala Pecera Planta 1 26/10/2015     A-4271-76 1194345 23/02/2023 23/02/2023 Libro impreso antiguo